|
|
|
|
| LEADER |
00000nam a2200000Ii 4500 |
| 001 |
DIGEDUFV0052 |
| 003 |
NyNyDIG |
| 006 |
m o d |
| 007 |
cr ||||||||||| |
| 008 |
220414s2019 sp a ob 000 0 spa d |
| 035 |
|
|
|a (OCoLC)1313667435
|
| 040 |
|
|
|a DGITA
|b eng
|e rda
|e pn
|c DGITA
|
| 020 |
|
|
|a 9788417641696
|q eBook
|q pdf
|
| 020 |
|
|
|z 9788417641689
|q impreso
|
| 050 |
1 |
4 |
|a GV1469.3 ebook
|
| 082 |
0 |
4 |
|a 794.8
|
| 245 |
0 |
0 |
|a Videojuegos y educación :
|b aprender a través de los géneros narrativos /
|c coordinado por Belén Mainer Blanco, Consuelo Martínez Moraga, Héctor Puente Bienvenido.
|
| 250 |
|
|
|a Primera edición.
|
| 264 |
|
1 |
|a Pozuelo de Alarcón, Madrid :
|b Universidad Francisco de Vitoria, UFV Madrid Editorial,
|c 2019.
|
| 300 |
|
|
|a 1 online resource :
|b illustrations.
|
| 336 |
|
|
|a text
|b txt
|2 rdacontent
|
| 337 |
|
|
|a computer
|b c
|2 rdamedia
|
| 338 |
|
|
|a online resource
|b cr
|2 rdacarrier
|
| 347 |
|
|
|a text file
|2 rdaft
|
| 347 |
|
|
|b PDF
|
| 490 |
1 |
|
|a Colección Digital
|
| 504 |
|
|
|a Includes bibliographical references.
|
| 588 |
0 |
|
|a Online resource; title from PDF title page (Digitalia, viewed April 14, 2022)
|
| 650 |
|
0 |
|a Video games in education.
|
| 650 |
|
0 |
|a Gamification.
|
| 655 |
|
0 |
|a Electronic books.
|
| 700 |
1 |
|
|a Mainer Blanco, Belén,
|e editor.
|
| 700 |
1 |
|
|a Martínez Moraga, Consuelo,
|e editor.
|
| 700 |
1 |
|
|a Puente Bienvenido, Héctor,
|e editor.
|
| 791 |
2 |
|
|a Digitalia (Firm),
|e distributor.
|
| 793 |
0 |
|
|g Digitalia eBook Collection:
|a Editorial Universidad Francisco de Vitoria
|
| 776 |
0 |
8 |
|i Print version:
|t Videojuegos y educación.
|b Primera edición.
|d Pozuelo de Alarcón, Madrid : Universidad Francisco de Vitoria, UFV Madrid Editorial, 2019
|z 9788417641689
|
| 830 |
|
0 |
|a Colección Digital.
|
| 856 |
4 |
0 |
|3 Digitalia Hispánica
|u https://www.digitaliapublishing.com/a/104126/
|
| 910 |
|
|
|a Premium collection: 2022
|